000 00734nam a2200229Ia 4500
999 _c43310
_d43310
003 GCL
005 20240530103910.0
008 140319s9999 xx 000 0 ara d
040 _aGCL /
_cGCL
082 0 4 _a189.1
_bف د
100 1 _aفضل الله محمد اسماعيل
245 1 0 _aالدولة المثالية بين الفكر الاغريقى والفكر الاسلامى /
_cفضل الله محمد اسماعيل
300 _a458
490 _a100 قصة
_v0
650 0 4 _aالفلسفة الاسلامية
650 0 4 _aالفلسفة
650 0 4 _aالفلسفة اليونانية
650 0 4 _aالدولة
650 0 4 _aالمثالية
700 1 _aعبدالرحمن خليفة
942 _2ddc
_cBK